Les princesses Disneys - Statistiques

Statistiques générales
  • Ce quiz a été pris 1 427 fois
  • Le résultat moyen est 13 sur 15
Statistiques - réponses
Disney princesse % Correct
la petite sirène ariel
99%
la belle et la bete belle
99%
la belle au bois dormant aurore
98%
blanche neige blanche neige
98%
cendrillon cendrillon
98%
aladdin jasmine
98%
mulan mulan
98%
raiponce raiponce
98%
pocahontas pocahontas
97%
vaiana vaiana
97%
la reine des neiges elsa et anna
94%
la princesse et la grenouille tiana
91%
rebelle mérida
86%
atlantide kidagakash
11%
taram et le chaudron magique eilonwy
10%
Aucun quiz correspondant
Distribution des résultats
% des personnes avec chaque résultat
Percentile par nombre de réponses
Votre historique - résultats
Vous n’avez pas pris ce quiz